Cartilla de seguridad social y pensiones / (Registro nro. 4100)

Detalles MARC
000 -LEADER
fixed length control field 00841nam a2200229Ia 4500
003 - CONTROL NUMBER IDENTIFIER
control field OSt
005 - DATE AND TIME OF LATEST TRANSACTION
control field 20200903154644.0
008 - FIXED-LENGTH DATA ELEMENTS--GENERAL INFORMATION
fixed length control field 191128s2012 ck gr f000 0 spa d
020 ## - INTERNATIONAL STANDARD BOOK NUMBER
International Standard Book Number 9789586539579
040 ## - CATALOGING SOURCE
Original cataloging agency CO-JMCR
Transcribing agency CO-JMCR
041 0# - LANGUAGE CODE
Language code of text/sound track or separate title spa
082 04 - DEWEY DECIMAL CLASSIFICATION NUMBER
Classification number 362.056 /
Item number C718c
Edition number 23
110 1# - MAIN ENTRY--CORPORATE NAME
Corporate name or jurisdiction name as entry element Colombia.
9 (RLIN) 8040
245 10 - TITLE STATEMENT
Title Cartilla de seguridad social y pensiones /
250 ## - EDITION STATEMENT
Edition statement 19a. edición
260 ## - PUBLICATION, DISTRIBUTION, ETC.
Place of publication, distribution, etc. Bogotá :
Name of publisher, distributor, etc. Legis,
Date of publication, distribution, etc. 2012
300 ## - PHYSICAL DESCRIPTION
Extent 287 páginas ;
Dimensions 26 cm.
505 0# - FORMATTED CONTENTS NOTE
Formatted contents note Sistema de seguridad social -- Sistema general de pensiones -- Sistema de seguridad social en salud -- Sistema general de riesgos profesionales -- Cuadros comparativos y datos básicos
650 14 - SUBJECT ADDED ENTRY--TOPICAL TERM
Topical term or geographic name entry element Seguridad social
General subdivision legislación
Chronological subdivision 2012
Geographic subdivision Colombia
9 (RLIN) 9755
650 14 - SUBJECT ADDED ENTRY--TOPICAL TERM
Topical term or geographic name entry element Cartillas Pensiones
General subdivision legislación
Chronological subdivision 2012
Geographic subdivision Colombia
9 (RLIN) 9756
942 ## - ADDED ENTRY ELEMENTS (KOHA)
Source of classification or shelving scheme Dewey Decimal Classification
Koha item type Books
Existencias
Withdrawn status Lost status Source of classification or shelving scheme Damaged status Not for loan Collection code Home library Current library Date acquired Source of acquisition Total Checkouts Full call number Barcode Date last seen Date last checked out Copy number Koha item type
    Dewey Decimal Classification     Non-fiction Biblioteca Pública José María del Castillo y Rada Biblioteca Pública José María del Castillo y Rada 07/22/2018 Donación 1 362.056 / C718c 201808902 05/29/2024 05/28/2024 Ej.1 Books